Computer communication review (Record no. 38140)

MARC details
000 -LEADER
fixed length control field 00450nam a2200157Ia 4500
022 ## - INTERNATIONAL STANDARD SERIAL NUMBER
ISSN 01464833
050 ## - CALL MARK
Classification number QA 76 .C635/
245 #0 - TITLE STATEMENT
Title Computer communication review
260 ## - PUBLICATION, DISTRIBUTION, ETC. (IMPRINT)
Place of publication New York
260 ## - PUBLICATION, DISTRIBUTION, ETC. (IMPRINT)
Name of publisher ACM Special Interest Group on Data Communication, inc.
300 ## - PHYSICAL DESCRIPTION
Number of Pages volumes , 101 p. : ill. ; 28 cm.
650 ## - SUBJECT ADDED ENTRY--TOPICAL TERM
Topical Term Computer networks--Periodicals.
942 ## - ADDED ENTRY ELEMENTS (KOHA)
Koha item type Serials

No items available.